000 00851nam a2200229 a 4500
005 20210223130551.0
008 080730s1980 mx r 000 0 spa d
035 _aUPN01000158479
049 _aUNE
080 _a37.061 (663) =40 EFF No.55.
245 0 3 _aL' Effort des colectivites locales en faveur des enfants et des jeunes :
_bresultatsd'une étude realisée au Sénégal.
260 _aParís :
_bUNESCO;
_aNew York :
_bUNICEF,
_c1980.
300 _a20 p. ;
_bcuadr.
440 0 _aNotes, Comments ... ;
_v55.
690 _aNecesidades educacionales - Niños - Zonas rurales
690 _aProgramas de educación - Participacion comunitaria - Senegal
690 _aSenegal - Necesidades educacionales - Comunidades
710 2 _aUNICEF
_924085
710 2 _aUNESCO
710 2 _aWFP.
_bPrograma de Alimentación Mundial.
905 _aUNESCO
999 _c130593
_d130593